Democratic Party Presidential Nominees - Statistics

General Stats
  • This quiz has been taken 850 times
  • The average score is 32 of 49
Answer Stats
Year Nominee Won/Lost % Correct
2008 Barack Obama Won
99%
2012 Barack Obama Won
99%
1992 Bill Clinton Won
99%
1996 Bill Clinton Won
99%
2016 Hillary Clinton Lost
99%
2020 Joe Biden Won
99%
1960 John F. Kennedy Won
96%
1932 Franklin D. Roosevelt Won
95%
1936 Franklin D. Roosevelt Won
95%
1940 Franklin D. Roosevelt Won
95%
1944 Franklin D. Roosevelt Won
95%
1976 Jimmy Carter Won
95%
1980 Jimmy Carter Lost
95%
1964 Lyndon B. Johnson Won
94%
2000 Al Gore Lost
93%
1948 Harry S. Truman Won
90%
1912 Woodrow Wilson Won
86%
1916 Woodrow Wilson Won
86%
2004 John Kerry Lost
82%
1828 Andrew Jackson Won
77%
1832 Andrew Jackson Won
77%
1884 Grover Cleveland Won
73%
1888 Grover Cleveland Lost
73%
1892 Grover Cleveland Won
73%
1984 Walter Mondale Lost
72%
1836 Martin Van Buren Won
68%
1840 Martin Van Buren Lost
68%
1988 Michael Dukakis Lost
68%
1856 James Buchanan Won
67%
1844 James K. Polk Won
66%
1852 Franklin Pierce Won
64%
1968 Hubert Humphrey Lost
59%
1972 George McGovern Lost
54%
1952 Adlai Stevenson Lost
52%
1956 Adlai Stevenson Lost
52%
1928 Al Smith Lost
40%
1896 William Jennings Bryan Lost
39%
1900 William Jennings Bryan Lost
39%
1908 William Jennings Bryan Lost
39%
1860 Stephen A. Douglas Lost
37%
1864 George B. McClellan Lost
33%
1876 Samuel J. Tilden Lost
28%
1924 John W. Davis Lost
21%
1872 Horace Greeley Lost
19%
1920 James M. Cox Lost
19%
1904 Alton B. Parker Lost
15%
1868 Horatio Seymour Lost
15%
1848 Lewis Cass Lost
15%
1880 Winfield Scott Hancock Lost
14%
No matching quizzes found
Score Distribution
Percent of People with Each Score
Percentile by Number Answered
Your Score History
You have not taken this quiz